| 000 | 00539nam a2200181Ia 4500 | ||
|---|---|---|---|
| 008 | 220216s9999 xx 000 0 und d | ||
| 100 | _aDutta S P | ||
| 245 | 0 | _aIonic elastomer blends of zinc salts of maleated EPDM rubber and carboxylated nitrile rubber | |
| 260 |
_bJournal of Applied Polymer Science _c1998 |
||
| 300 | _a153-160 | ||
| 650 | _aCompatible blends | ||
| 650 | _aIonic elastomer | ||
| 650 | _aIonomeric polyblend | ||
| 650 | _aZn-salt of maleated EPDM rubber | ||
| 700 | _aDe P P | ||
| 700 | _aDe S K | ||
| 942 | _cJS | ||
| 999 |
_c61673 _d61673 |
||